عرض عادي
عرض مارك
- FORTRAN 95 (Computer program language)
مدخل مصطلح موضوعي
001 - رقم الضبط
- حقل الضبط: 52329
003 - معرف رقم الضبط
- حقل الضبط: OSt
005 - تاريخ ووقت أخر عملية
- حقل الضبط: 20151013201354.0
008 - عناصر بيانات ثابتة الطول
- حقل تحكم ثابت الطول: 151013|| aca||aabn | a|a d
040 ## - مصدر الفهرسة
- هيئة الفهرسة الأصلية: OSt
- وكالة الكتابة: OSt
150 ## - مدخل-- مصطلح تاريخي
- عنصر مدخل المصطلح الموضوعي او الاسم الجغرافي: FORTRAN 95 (Computer program language)
670 ## - بيانات المصدر موجوده
- الاستشهاد بالمصدر: Work cat.: (OSt)0: Chapman, Stephen J. 37966, Fortran 95/2003 for scientists and engineers /, c2008.
